000 00288 a2200121 4500
001 147033
040 _cEscola São Tomás de Aquino
100 _aSANTOS, Joel Rufino dos
240 1 0 _aO noivo da cutia
_lpor
245 1 0 _aO noivo da cutia
697 _a*LITERATURA INFANTIL
942 _cBK
999 _c147033
_d147033